Pizza Producing Countries Quiz Stats

 Plays Quiz Updated Apr 4, 2016

Challenge
Share
Tweet
Embed
Score 0/30 Timer 05:00
2 Plays Today
Food Country % Correct
TomatoUnited States
98.5%
CheeseUnited States
98.5%
Crust (Wheat)United States
98.5%
TomatoItaly
97.8%
CheeseItaly
97.8%
CheeseFrance
95.4%
Crust (Wheat)France
95.4%
TomatoChina
93.8%
Crust (Wheat)China
93.8%
TomatoMexico
92%
CheeseGermany
91%
Crust (Wheat)Germany
91%
Crust (Wheat)Canada
90.9%
CheeseCanada
90.2%
TomatoSpain
90%
Food Country % Correct
CheeseRussia
89.5%
Crust (Wheat)Russia
89.5%
TomatoBrazil
89.5%
TomatoIndia
83.2%
Crust (Wheat)India
83.2%
CheeseArgentina
78.3%
Crust (Wheat)Australia
77.3%
CheesePoland
65.4%
TomatoTurkey
62%
Crust (Wheat)Ukraine
55.7%
CheeseNetherlands
55.5%
TomatoEgypt
54%
CheeseEgypt
54%
TomatoIran
50.3%
Crust (Wheat)Pakistan
49.2%

You're not logged in!

Compare scores with friends on all Sporcle quizzes.
Join for Free
OR
Log In

You Might Also Like...

Show Comments

Extras

Top Quizzes Today


Score Distribution

Your Account Isn't Verified!

In order to create a playlist on Sporcle, you need to verify the email address you used during registration. Go to your Sporcle Settings to finish the process.

Report this User

Report this user for behavior that violates our Community Guidelines.

Details: